|
|
|
|
| LEADER |
00000cam a2200000 7i4500 |
| 001 |
0000052049 |
| 005 |
20150920.0 |
| 008 |
150915 |
| 020 |
|
|
|a 9789673710119
|
| 090 |
0 |
0 |
|a 158.1
|b SHO
|
| 100 |
0 |
|
|a O.Sholihin
|
| 245 |
1 |
0 |
|a Jangan nodai cinta
|c O.Sholihin
|
| 260 |
|
|
|a Selangor :
|b SynergyMedia
|
| 300 |
|
|
|a 134pg.
|
| 650 |
|
0 |
|a Adolescent
|x Muslim (Psychology)
|
| 999 |
|
|
|a 0001228932
|b Book
|c Adult Collection
|e Cawangan Bandar Penawar
|
| 999 |
|
|
|a 0001228937
|b Book
|c Adult Collection
|e Cawangan Kota Tinggi
|
| 999 |
|
|
|a 0001228940
|b Book
|c Adult Collection
|e Cawangan Bandar Tenggara
|
| 999 |
|
|
|a 0001228941
|b Book
|c Adult Collection
|e Cawangan Segamat
|
| 999 |
|
|
|a 0001228942
|b Book
|c Adult Collection
|e Cawangan Mersing
|
| 999 |
|
|
|a 0001228943
|b Book
|c Adult Collection
|e Cawangan Tangkak
|
| 999 |
|
|
|a 0001228944
|b Book
|c Adult Collection
|e Cawangan Bukit Gambir
|